[Event "Regionalliga SO 9900"]
[Site "Bayern"]
[Date "2000.??.??"]
[Round "9.5"]
[White "Schmidt, Anton"]
[Black "Tikovsky, Armin"]
[Result "1/2-1/2"]
[WhiteElo "1640"]
[BlackElo "2055"]
[PlyCount "75"]
[EventDate "1999.??.??"]
[EventType "team-tourn"]
[EventRounds "9"]
[EventCountry "GER"]
[SourceTitle "EXT 2020"]
[Source "ChessBase"]
[SourceDate "2019.10.17"]
[SourceVersion "1"]
[SourceVersionDate "2019.10.17"]
[SourceQuality "1"]
[WhiteTeam "Landshut"]
[BlackTeam "Ebersberg Grafing"]
[WhiteTeamCountry "GER"]
[BlackTeamCountry "GER"]

1. d4 Nf6 2. c4 g6 3. Nc3 Bg7 4. e4 d6 5. f4 0-0 6. Nf3 c5 7. d5 b5 8. cxb5 a6 9. a4 axb5 10. Bxb5 Na6 11. 0-0 Nb4 12. e5 Ng4 13. h3 Nh6 14. g4 Bb7 15. Bc4 Qc8 16. Rf2 Rd8 17. Ra3 dxe5 18. Nxe5 f6 19. Nf3 f5 20. g5 Nf7 21. Rd2 Nd6 22. Qe2 Nxc4 23. Qxc4 Kf8 24. Ne5 Qc7 25. Nb5 Qb6 26. a5 Rxa5 27. Rxa5 Qxa5 28. d6 Bxe5 29. fxe5 Qb6 30. Nc7 Bc8 31. Ne6+ Bxe6 32. Qxe6 c4+ 33. Kf1 exd6 34. exd6 Nd3 35. Qf6+ Kg8 36. Qe6+ Kh8 37. Qf6+ Kg8 38. Qe6+ 1/2-1/2

[Event "Regionalliga SO 9798"]
[Site "Bayern"]
[Date "1998.??.??"]
[Round "?.5"]
[White "Hartl, Aldo"]
[Black "Tikovsky, Armin"]
[Result "1-0"]
[WhiteElo "2085"]
[BlackElo "2075"]
[PlyCount "107"]
[EventDate "1997.10.19"]
[EventType "team-tourn"]
[EventRounds "9"]
[EventCountry "GER"]
[SourceTitle "EXT 2020"]
[Source "ChessBase"]
[SourceDate "2019.10.17"]
[SourceVersion "1"]
[SourceVersionDate "2019.10.17"]
[SourceQuality "1"]
[WhiteTeam "Trostberg TSV"]
[BlackTeam "Ebersberg Grafing"]
[WhiteTeamCountry "GER"]
[BlackTeamCountry "GER"]

1. e4 c5 2. Nf3 Nc6 3. d4 cxd4 4. Nxd4 d6 5. Nc3 Nf6 6. Bc4 e6 7. Be3 a6 8. Qe2 Be7 9. 0-0-0 Qc7 10. Bb3 0-0 11. g4 b5 12. g5 Nxd4 13. Bxd4 Nd7 14. Rhg1 Nc5 15. Bf6 Bb7 16. Qh5 Rfc8 17. Rg4 Bxe4 18. Rxe4 Nxe4 19. Nxe4 d5 20. Bxe7 Qxe7 21. Ng3 a5 22. c3 b4 23. Bc2 g6 24. Qh6 Qf8 25. Qxf8+ Kxf8 26. Ne2 Rc4 27. Rd4 Rac8 28. Kd2 bxc3+ 29. bxc3 Ke7 30. Bd3 Rxd4 31. cxd4 h6 32. h4 h5 33. a4 Rb8 34. Bb5 Rc8 35. Nc1 Ra8 36. Nd3 Ra7 37. Ne5 Ra8 38. Nd3 Ra7 39. Ne5 Ra8 40. Nc6+ Kf8 41. Ke3 Kg7 42. Kf3 Kf8 43. Kf4 Kg8 44. Ke5 Kg7 45. f3 Kg8 46. Kd6 f6 47. gxf6 Kf7 48. Ke5 g5 49. hxg5 h4 50. Kf4 Rh8 51. Ne5+ Kg8 52. Bd7 h3 53. Bxe6+ Kf8 54. g6 1-0

[Event "Regionalliga SO 9798"]
[Site "Bayern"]
[Date "1998.??.??"]
[Round "?.5"]
[White "Hofbauer, Bernhard"]
[Black "Tikovsky, Armin"]
[Result "1/2-1/2"]
[WhiteElo "1960"]
[BlackElo "2080"]
[PlyCount "101"]
[EventDate "1997.10.19"]
[EventType "team-tourn"]
[EventRounds "9"]
[EventCountry "GER"]
[SourceTitle "EXT 2020"]
[Source "ChessBase"]
[SourceDate "2019.10.17"]
[SourceVersion "1"]
[SourceVersionDate "2019.10.17"]
[SourceQuality "1"]
[WhiteTeam "Ilmmuenster"]
[BlackTeam "Ebersberg Grafing"]
[WhiteTeamCountry "GER"]
[BlackTeamCountry "GER"]

1. e4 c5 2. Nc3 d6 3. g3 Nf6 4. Bg2 e6 5. Nge2 Be7 6. 0-0 0-0 7. d3 Nc6 8. Bg5 a6 9. Qd2 Rb8 10. a4 Qc7 11. f4 b6 12. Nd1 Bb7 13. f5 Nd4 14. fxe6 fxe6 15. Bh3 Nxe4 16. dxe4 Bxg5 17. Qd3 Rxf1+ 18. Bxf1 Rf8 19. Bg2 Nxe2+ 20. Qxe2 c4 21. h4 Qc5+ 22. Kh1 Bf6 23. c3 Be5 24. Kh2 Rf6 25. Ne3 Rh6 26. Kh3 Rg6 27. g4 b5 28. axb5 axb5 29. g5 h6 30. Ng4 hxg5 31. h5 Rf6 32. Nxf6+ gxf6 33. h6 Bf4 34. Re1 f5 35. Bf3 fxe4 36. Bxe4 Bxe4 37. Qxe4 Qf5+ 38. Qxf5 exf5 39. Kg2 Kh7 40. Re6 Be5 41. Kh3 Bf4 42. Rf6 Bc1 43. Rxf5 Bxb2 44. Kg4 Kxh6 45. Rf6+ Kg7 46. Rxd6 Bxc3 47. Rb6 Bd2 48. Rxb5 Kf6 49. Rc5 c3 50. Rc6+ Ke5 51. Rxc3 1/2-1/2

[Event "Regionalliga SO 9798"]
[Site "Bayern"]
[Date "1997.??.??"]
[Round "?.5"]
[White "Zankl, Thomas"]
[Black "Tikovsky, Armin"]
[Result "1-0"]
[WhiteElo "1955"]
[BlackElo "2075"]
[PlyCount "125"]
[EventDate "1997.10.19"]
[EventType "team-tourn"]
[EventRounds "9"]
[EventCountry "GER"]
[SourceTitle "EXT 2020"]
[Source "ChessBase"]
[SourceDate "2019.10.17"]
[SourceVersion "1"]
[SourceVersionDate "2019.10.17"]
[SourceQuality "1"]
[WhiteTeam "Pfarrkirchen SC"]
[BlackTeam "Ebersberg Grafing"]
[WhiteTeamCountry "GER"]
[BlackTeamCountry "GER"]

1. d4 Nf6 2. Nf3 e6 3. Bg5 Be7 4. g3 b6 5. Bg2 Bb7 6. 0-0 0-0 7. c4 c5 8. Nc3 d6 9. Rc1 Nbd7 10. e3 h6 11. Bxf6 Nxf6 12. Qb3 Rb8 13. Rfd1 a6 14. Rd2 Qc7 15. dxc5 bxc5 16. Qc2 Bc6 17. b3 Rb6 18. Ne1 Bd7 19. Nd3 Rfb8 20. Rcd1 Ne8 21. h4 Bf6 22. Ne4 Be7 23. Ndxc5 Bc6 24. Nd3 Qb7 25. Ne1 d5 26. cxd5 Bxd5 27. Nc5 Bxc5 28. Qxc5 Nf6 29. Bxd5 Nxd5 30. Rc1 Rb5 31. Qc6 a5 32. Qxb7 R5xb7 33. Nd3 a4 34. bxa4 Ra7 35. Rc4 Rba8 36. Nb2 Nb6 37. Rb4 Nxa4 38. Nxa4 Rxa4 39. Rd8+ Kh7 40. Rxa8 Rxa8 41. a4 Kg6 42. Kg2 e5 43. Kf3 Ra5 44. Ke4 f5+ 45. Kd3 Kh5 46. Kc3 g5 47. hxg5 hxg5 48. Rc4 e4 49. Kb4 Ra8 50. a5 Kg4 51. Rc5 Rf8 52. Rc2 Kf3 53. Ra2 g4 54. a6 f4 55. exf4 e3 56. fxe3 Kxg3 57. a7 Ra8 58. Kb5 Kf3 59. Kb6 Kxe3 60. f5 Ke4 61. f6 Ke5 62. f7 Ke6 63. Kb7 1-0

[Event "Regionalliga SO 9596"]
[Site "Bayern"]
[Date "1996.04.21"]
[Round "8"]
[White "Bichlmeier, Juergen"]
[Black "Tikovsky, Armin"]
[Result "0-1"]
[WhiteElo "2025"]
[BlackElo "2140"]
[PlyCount "80"]
[EventDate "1995.10.15"]
[EventType "team-tourn"]
[EventRounds "9"]
[EventCountry "GER"]
[SourceTitle "EXT 1999"]
[Source "ChessBase"]
[SourceDate "1998.11.16"]
[SourceVersion "1"]
[SourceVersionDate "1998.11.16"]
[SourceQuality "1"]
[WhiteTeam "Pfarrkirchen SC"]
[BlackTeam "Ebersberg Grafing"]
[WhiteTeamCountry "GER"]
[BlackTeamCountry "GER"]

1. d4 Nf6 2. Nf3 g6 3. b3 Bg7 4. Bb2 d5 5. e3 0-0 6. Bd3 b6 7. Qe2 Bb7 8. 0-0 Nbd7 9. Nbd2 Ne4 10. c4 Nxd2 11. Nxd2 c5 12. cxd5 cxd4 13. e4 Nc5 14. Nf3 e6 15. Bxd4 Bxd4 16. Nxd4 exd5 17. e5 Qe7 18. Rfe1 a6 19. Rac1 Rac8 20. f4 Ne6 21. Qe3 Qb4 22. Nxe6 fxe6 23. g3 Rxc1 24. Rxc1 Rc8 25. Rxc8+ Bxc8 26. h4 Bb7 27. Qe2 a5 28. h5 Kg7 29. hxg6 hxg6 30. Kh2 Qc3 31. Qf3 Bc6 32. Qe2 d4 33. Qc2 Bb5 34. Qxc3 dxc3 35. Bc2 Be2 36. Kg2 b5 37. a3 b4 38. axb4 axb4 39. Kh3 g5 40. fxg5 Bh5 0-1

[Event "Bayern-chA 66th"]
[Site "Wuerzburg"]
[Date "1995.??.??"]
[Round "8"]
[White "Siepelt, Heiner"]
[Black "Tikovsky, Armin"]
[Result "1-0"]
[WhiteElo "2325"]
[BlackElo "2175"]
[PlyCount "47"]
[EventDate "1995.08.27"]
[EventType "swiss"]
[EventRounds "9"]
[EventCountry "GER"]
[SourceTitle "EXT 1999"]
[Source "ChessBase"]
[SourceDate "1998.11.16"]
[SourceVersion "1"]
[SourceVersionDate "1998.11.16"]
[SourceQuality "1"]

1. e4 c6 2. d4 d5 3. Nc3 dxe4 4. Nxe4 Nf6 5. Nxf6+ exf6 6. Bc4 Nd7 7. Ne2 Bd6 8. c3 0-0 9. 0-0 Nb6 10. Bb3 Bf5 11. Ng3 Be6 12. Bc2 Qc7 13. Qf3 Rfe8 14. b3 Nd7 15. Bb2 Nf8 16. c4 Ng6 17. Rfd1 b5 18. cxb5 Bd5 19. Qg4 cxb5 20. Bd3 a6 21. Rac1 Qb8 22. Re1 Rxe1+ 23. Rxe1 Bxg2 24. Bxg6 1-0

[Event "Bayern-chA 66th"]
[Site "Wuerzburg"]
[Date "1995.??.??"]
[Round "9"]
[White "Tikovsky, Armin"]
[Black "Lang, Zalan Andreas"]
[Result "1/2-1/2"]
[WhiteElo "2175"]
[BlackElo "2130"]
[PlyCount "94"]
[EventDate "1995.08.27"]
[EventType "swiss"]
[EventRounds "9"]
[EventCountry "GER"]
[SourceTitle "EXT 1999"]
[Source "ChessBase"]
[SourceDate "1998.11.16"]
[SourceVersion "1"]
[SourceVersionDate "1998.11.16"]
[SourceQuality "1"]

1. d4 Nf6 2. c4 g6 3. Nc3 Bg7 4. Nf3 0-0 5. e4 d6 6. Be2 e5 7. 0-0 exd4 8. Nxd4 Re8 9. f3 Nh5 10. Be3 f5 11. Qd2 f4 12. Bf2 Be5 13. Rfd1 Qe7 14. Ndb5 Bxc3 15. Nxc3 Be6 16. b4 Nc6 17. Nb5 Qf7 18. c5 dxc5 19. bxc5 Rad8 20. Qb2 a6 21. Nd4 Qf6 22. Rab1 Bc8 23. Nxc6 Rxd1+ 24. Bxd1 Qxc6 25. Qb4 Rd8 26. Bh4 a5 27. Bb3+ Be6 28. Qxa5 b6 29. cxb6 cxb6 30. Qe5 Re8 31. Bxe6+ Rxe6 32. Qd5 Qxd5 33. exd5 Rd6 34. Rb5 Kf7 35. a4 Nf6 36. Bxf6 Kxf6 37. Kf2 Ke5 38. Ke2 Kd4 39. g3 fxg3 40. hxg3 h5 41. Kf2 Kd3 42. f4 Ke4 43. Kg2 h4 44. Kh3 hxg3 45. Kxg3 Rxd5 46. Rxb6 g5 47. Rb4+ Kd3 1/2-1/2